000 004040000a22001690004500
003 LK-CoMWRAF
005 20230930002040.0
008 230817t ||||| |||| 00| 0 eng d
040 _aLK-CoMWRAF
_dLK-CoMWRAF
_eLK-CoMWRAF
041 _aeng
082 _a220
_bGOO
245 _aGood news Bible
260 _aNew York :
_bAmerican Bible society,
_c1976
300 _a411p
650 _aBible
942 _cBK
999 _c960
_d960